000 00520nam a22001817a 4500
005 20251108173132.0
008 250721s2004 xx 000 0 ara d
082 1 4 _a155.2/فيل
100 1 _aفيلد، ليندا
245 1 0 _aأسرار إحترام الذات /
264 1 _aدمشق :
_bدار الثقافة للجميع،
_c2004.
300 _a143ص
650 1 7 _aعلم النفس الفردي
650 1 7 _aالذات
700 1 _aالنحاس، سلام
_etran.
942 _2ddc
_cBK
999 _c96885
_d96885